000 00652nam a22001937a 4500
005 20251108174723.0
008 250721s2009 xx 000 0 ara d
082 1 4 _a153.43/زعب
100 1 _aالزعبي، محمد أحمد
_eمؤلف
245 1 0 _aاستراتيجيات التفكير الإبداعي و تنمية القيم الجمالية /
264 1 _aعمان :
_bالجنادرية للنشر و التوزيع،
_c2009.
300 _a222ص.
650 1 7 _aالتفكير
650 1 7 _aالابداع
650 1 7 _aالتفكير المبدع
700 1 _aعاشور، راتب قاسم
942 _2ddc
_cBK
999 _c116331
_d116331